Teoría general del estado: ciencia de la política
Gardado en:
| Autor Principal: | |
|---|---|
| Formato: | Libro |
| Idioma: | Lingua castelá |
| Publicado: |
Ciudad de México
Porrúa
1989
|
| Edición: | 2a. ed |
| Subjects: | |
| Tags: |
Engadir etiqueta
Sen Etiquetas, Sexa o primeiro en etiquetar este rexistro!
|
MARC
| LEADER | 00000nam a2200000 a 4500 | ||
|---|---|---|---|
| 001 | UCV2469 | ||
| 003 | CL-VaPUC | ||
| 008 | 920730e19890000MX |||||||||||||||||spa|d | ||
| 082 | 0 | 4 | |a 321.01 |b ZIP |2 21 |
| 100 | 0 | |a Zippelius, Reinhold |e author |9 296718 | |
| 245 | 1 | 0 | |a Teoría general del estado: ciencia de la política |
| 250 | |a 2a. ed | ||
| 300 | |a 429 p | ||
| 942 | |c BK | ||
| 945 | |d 19920730 00:00:00 | ||
| 260 | |a Ciudad de México |b Porrúa |c 1989 | ||
| 650 | 0 | |a Estado |9 255503 | |
| 650 | 0 | |a Ciencias Políticas |9 255201 | |
| 583 | |a last modification |c 19920730 00:00:00 |k Rodrigo Vera | ||
| 999 | |c 210031 |d 210029 | ||
| 952 | |0 0 |1 0 |4 0 |6 321_010000000000000_ZIP_1989 |7 0 |8 DER_TF |9 185978 |a BIBDER |b BIBDER |d 2019-11-14 |i 2534770 |o 321.01 ZIP 1989 |p 2534770 |r 2023-01-25 |w 2019-11-14 |x Ubicación 4to Piso |y BK |z Estos recursos deben solicitarse con anticipación |k DER | ||